000
00263nam a2200097Ia 4500
008
220216s9999 xx 000 0 und d
245
0
_a
Changes in the natural rubber sector. Part II.
260
_b
International Rubber Digest
_c
1999
300
_a
12-Sep
942
_c
JS
999
_c
55337
_d
55337